00546 2200205 4500001002100000005001500021035002000036007000300056008004100059020001800100082001100118084001700129100002200146245006400168250001000232260002600242300003400268650002500302990001300327INLIS00000000000611720201020020917 a0010-1020000027ta201020 g 0 ind  a9789794489215 a614.07 a614.07 BEN m0 aBENSLEY, Robert J1 aMetode Pendidikan Kesehatan Masyarakat /cRobert J. Bensley acet.1 aJakarta :bEGC,c2008 axxiv, 447 hlm ;c15,5 x 24 cm 4aKESEHATAN MASYARAKAT a1072 037